| 000 | 01876nam a2200253Ia 4500 | ||
|---|---|---|---|
| 008 | 260220t2000||||xx |||||||||||||| ||spa|| | ||
| 040 |
_aPY-SlUNAC _bspa _erda |
||
| 041 | _aspa | ||
| 082 |
_a543 _bR825q |
||
| 100 |
_aRubinson, Judith F. _eAutor |
||
| 245 | 0 |
_aQuímica analítica contemporánea / _cpor Judith F. Rubinson [Autor] y Kenneth A. Rubinson [Autor] |
|
| 264 |
_aCiudad de México : _bPrentice-Hall, _c℗2000. |
||
| 300 | _a1 volumen | ||
| 520 | _aEn "Química analítica contemporánea", Judith F. Rubinson ofrece una visión integral y actualizada de las técnicas y principios fundamentales en el campo de la química analítica. A lo largo de sus capítulos, la autora aborda conceptos esenciales como la caracterización de compuestos, la separación de mezclas y la cuantificación de analitos, enfatizando la importancia de la instrumentación moderna y los métodos analíticos avanzados. Rubinson también discute la aplicación de la química analítica en diversas áreas, incluyendo la industria farmacéutica, el medio ambiente y la biomedicina, resaltando su relevancia en la resolución de problemas contemporáneos. Además, se incorpora un enfoque didáctico que facilita la comprensión de los temas tratados, a través de ejemplos prácticos y ejercicios que fomentan la aplicación de conocimientos teóricos. Este texto se convierte en una herramienta valiosa para estudiantes y profesionales en el ámbito de la química, brindando un recurso accesible y completo sobre los avances y desafíos en la química analítica actual. | ||
| 653 | _aAnálisis químico | ||
| 653 | _aMétodos analíticos | ||
| 653 | _aQuímica | ||
| 700 |
_aRubinson, Kenneth A. _eAutor |
||
| 942 |
_b2026/02/17 _cBK |
||
| 999 |
_c7895 _d7895 |
||